Review Of Temporary Modifications To The Fund's Access Limits In Response To The Covid-19 Pandemic.

Over the course of the pandemic, the Fund has made several modifications to the access limits on the use of Fund's resources to increase the borrowing space under the hard caps on emergency financing and under the annual limits that trigger exceptional access (EA) safeguards under GRA and PRGT....

Ausführliche Beschreibung

Bibliographische Detailangaben
Körperschaft: International Monetary Fund. Strategy, Policy, and Review Department
Format: Zeitschrift
Sprache:English
Veröffentlicht: Washington, D.C. : International Monetary Fund, 2021.
Schriftenreihe:Policy Papers; Policy Paper ; No. 2021/077
Schlagworte:
Online Zugang:Full text available on IMF
LEADER 01939cas a2200265 a 4500
001 AALejournalIMF022262
008 230101c9999 xx r poo 0 0eng d
020 |c 5.00 USD 
020 |z 9781616357320 
022 |a 2663-3493 
040 |a BD-DhAAL  |c BD-DhAAL 
110 2 |a International Monetary Fund.  |b Strategy, Policy, and Review Department. 
245 1 0 |a Review Of Temporary Modifications To The Fund's Access Limits In Response To The Covid-19 Pandemic. 
264 1 |a Washington, D.C. :  |b International Monetary Fund,  |c 2021. 
300 |a 1 online resource (25 pages) 
490 1 |a Policy Papers 
500 |a <strong>Off-Campus Access:</strong> No User ID or Password Required 
500 |a <strong>On-Campus Access:</strong> No User ID or Password Required 
506 |a Electronic access restricted to authorized BRAC University faculty, staff and students 
520 3 |a Over the course of the pandemic, the Fund has made several modifications to the access limits on the use of Fund's resources to increase the borrowing space under the hard caps on emergency financing and under the annual limits that trigger exceptional access (EA) safeguards under GRA and PRGT. The current temporarily-increased access limits expire at end-December 2021, and absent policy changes, the limits would return to the lower pre-pandemic levels or to the new PRGT annual access limit. Staff proposes to let all access limits return to pre-pandemic levels (or the new PRGT annual access limit), with the exception of the cumulative access limits for emergency financing instruments, which would be extended at the current level for another 18 months. 
538 |a Mode of access: Internet 
650 7 |a Monetary Policy  |2 imf 
650 7 |a Political Economy  |2 imf 
830 0 |a Policy Papers; Policy Paper ;  |v No. 2021/077 
856 4 0 |z Full text available on IMF  |u http://elibrary.imf.org/view/journals/007/2021/077/007.2021.issue-077-en.xml  |z IMF e-Library